000 00345 a2200157 4500
001 59361
020 _a9788537706824
040 _cAnchieta - Pituba
100 _aet.al.
240 1 0 _aCiências em cena
_lpor
245 1 0 _aCiências em cena
300 _a356/56
362 0 _a2008
650 4 _aCiências naturais e matemática
942 _cBK
999 _c59361
_d59361